| 000 | 00862nam a2200289Ia 4500 | ||
|---|---|---|---|
| 003 | CO-BoRNBP | ||
| 005 | 20240222130132.0 | ||
| 007 | ta | ||
| 008 | 121119s1997 mx gr 000 e spa | ||
| 020 | _a9589093876 | ||
| 040 |
_aCO-BoRNBP _bspa _erda _cCO-BoRNBP |
||
| 041 | 0 | _aspa | |
| 082 | 0 | 4 |
_a809 _bR29E |
| 100 | 1 |
_aReyes, Alfonso _d1889-1959 _941452 |
|
| 245 | 1 | 3 |
_aLa experiencia literaria _cAlfonso Reyes |
| 250 | _aTercera edición | ||
| 264 |
_aMéxico _bFondo de Cultura Económica _c1997 |
||
| 300 |
_a221 páginas _c21 cm |
||
| 336 |
_atexto _btxt _2rdacontent |
||
| 337 |
_asin mediación _bn _2rdamedia |
||
| 338 |
_avolumen _bnc _2rdacarrier |
||
| 490 | 0 | _aPopular | |
| 650 | 1 | 4 |
_aLiteratura mexicana _ySiglo XX _2LEMB _9412 |
| 650 | 1 | 4 |
_aCritica literaria _2LEMB _94123 |
| 650 | 1 | 4 |
_aEnsayos mexicanos _ySiglo XX _2LEMB _941453 |
| 942 |
_2ddc _cBK |
||
| 999 |
_c38145 _d38145 |
||